000 00842nam a22002177a 4500
001 44324
003 BD-RjUL
005 20211209053834.0
008 160717s1970 bg ||||| |||| 00| 0 ben d
035 _a(BD-RjUL)44442
040 _aBD-RjUL
_bben
_cBD-RjUL
041 _aben
082 _223
_a297.63
_bNUM 1970
100 _aনূরী, এস. এম. মতিউর রহমান
_9136047
245 1 0 _aমু'জিযাতুন-নবী /
_cএস. এম. মতিউর রহমান নূরী
260 _aঢাকা :
_bইসলামিক ফাউণ্ডেশন,
_c১৯৭০
300 _a৭৬১ পৃ. ;
_c২১ সেমি.
600 _aThe prophet, Mohammad,
_d570-632
_9136050
600 _aমুহাম্মদ, হযরত,
_d৫৭০-৬৩২
_9136051
942 _2ddc
_cBK
999 _c44324
_d44324